A study of the semantic and pragmatic features of protecting environment slogans in English and Vietnamese

Introduction; Literature review and theoretical background; Research design and methodology; ...

محفوظ في:
التفاصيل البيبلوغرافية
المؤلف الرئيسي: Trần Thị Phước Trang
مؤلفون آخرون: Luu Quy Khuong, Assoc.Prof.Dr. (Supervisor.)
التنسيق: غير معروف
اللغة:English
منشور في: Da Nang : The University of Da Nang, 2014.
الموضوعات:
الوسوم: إضافة وسم
لا توجد وسوم, كن أول من يضع وسما على هذه التسجيلة!
Thư viện lưu trữ: Mạng thư viện Đại học Đà Nẵng
LEADER 03040na a2200373 4500
001 000032513
003 8609
005 20230526090328.0
008 151002s2014 000 eng
040 |a LNN 
041 |a eng 
082 |a 420.4  |b TR-TR 
100 |a Trần Thị Phước Trang 
245 1 3 |a A study of the semantic and pragmatic features of protecting environment slogans in English and Vietnamese  |h [Thesis-Luận văn thạc sĩ] /  |c Tran Thi Phuoc Trang ; Luu Quy Khuong hướng dẫn. 
246 1 |a Nghiên cứu về những đặc tính ngữ nghĩa và ngữ dụng của nhãn hiệu bảo vệ môi trường trong tiếng Anh và tiếng việt. 
260 |a Da Nang :  |b The University of Da Nang,  |c 2014. 
300 |a vii, 86, 14 p. ;  |c 29 cm + 1 summary. 
500 |a Master thesis of arts in social sciences and humanities. Field: The English language. Code: 60.22.15. 
520 3 |a Introduction; Literature review and theoretical background; Research design and methodology; ... 
630 0 4 |a English language. 
700 1 |a Luu Quy Khuong,  |c Assoc.Prof.Dr.,  |e Supervisor. 
OWN |a LNN 
AVA |a UDN50  |b LNN  |c English  |d 420.4 TR-TR  |e available  |t Error 5001 Not defined in file expand_doc_bib_avail.  |f 1  |g 0  |h N  |i 0  |j AN  |k 1 
Z40 3 |y A study of the semantic and pragmatic features of protecting environment slogans in English and Viet  |l Library of UFL  |t VIEW  |x http://catalog.udn.vn:80/F?func=service&doc_library=UDN01&local_base=UDN01&doc_number=000032513&sequence=000001&line_number=0001&func_code=DB_RECORDS&service_type=MEDIA  |f SUMMARY_000024542.pdf  |e pdf  |s 000227968  |k 20230526  |m NTMTHI 
Z40 3 |y A study of the semantic and pragmatic features of protecting environment slogans in English and Viet  |l Library of UFL  |t VIEW  |x http://catalog.udn.vn:80/F?func=service&doc_library=UDN01&local_base=UDN01&doc_number=000032513&sequence=000002&line_number=0002&func_code=DB_RECORDS&service_type=MEDIA  |f THESIS_000024544.pdf  |e pdf  |s 000691389  |k 20230526  |m NTMTHI 
999 |a From the UDN01 
AVA |a UDN50  |b LNN  |c English  |d 420.4 TR-TR  |e available  |t Error 5001 Not defined in file expand_doc_bib_avail.  |f 1  |g 0  |h N  |i 0  |j AN  |k 1 
TYP |a Printed language 
856 |y A study of the semantic and pragmatic features of protecting environment slogans in English and Viet  |l Library of UFL  |t VIEW  |x http://catalog.udn.vn:80/F?func=service&doc_library=UDN01&local_base=UDN01&doc_number=000032513&sequence=000001&line_number=0001&func_code=DB_RECORDS&service_type=MEDIA  |f SUMMARY_000024542.pdf  |e pdf  |s 000227968  |k 20230526  |m NTMTHI 
856 |y A study of the semantic and pragmatic features of protecting environment slogans in English and Viet  |l Library of UFL  |t VIEW  |x http://catalog.udn.vn:80/F?func=service&doc_library=UDN01&local_base=UDN01&doc_number=000032513&sequence=000002&line_number=0002&func_code=DB_RECORDS&service_type=MEDIA  |f THESIS_000024544.pdf  |e pdf  |s 000691389  |k 20230526  |m NTMTHI 
980 |a Mạng thư viện Đại học Đà Nẵng